Bop To The Top - High School Musical - Statistics

General Stats
  • This quiz has been taken 35 times
  • The average score is 112 of 200
Answer Stats
Answer % Correct
a
96%
Both Bop
88%
bop
88%
the
88%
to
88%
To
88%
top
88%
Sharpay I
84%
we
84%
and
76%
Sharpay And
76%
we're
72%
be
68%
gonna
68%
Yeah
68%
Sharpay Ay
64%
ay
64%
Both | Ryan Do
64%
do
64%
dreamin'
64%
in
64%
slide
64%
stop
64%
Sharpay Stop
64%
that
64%
all
60%
believe
60%
for
60%
Gusto
60%
Ryan Mucho
60%
Shootin'
60%
Ryan Slip
60%
stars
60%
Arriba
56%
ever
56%
number
56%
of
56%
'til
56%
'Til
56%
got
52%
it
52%
ladder
52%
one
52%
success
52%
around
48%
away
48%
bar
48%
Blow
48%
Ryan Caliente
48%
climb
48%
Don't
48%
fabulosa
48%
Sharpay Kickin'
48%
my
48%
our
48%
rhythm
48%
scratchin'
48%
Sharpay Suave
48%
takes
48%
them
48%
You've
48%
Ryan Baby
44%
competition
44%
corner
44%
everyday
44%
Both Jump
44%
que
44%
raise
44%
ride
44%
some
44%
turn
44%
Ryan Anything
40%
best
40%
Gotta
40%
off
40%
out
40%
reach
40%
tails
40%
Both Work
40%
again
36%
bump
36%
Grindin'
36%
Move
36%
Sharpay Show
36%
bailar
32%
booty
32%
groove
32%
hustle
32%
Ryan Mírame
32%
Shake
32%
start
32%
like
28%
muscle
28%
music
28%
your
28%
zap
28%
Both Zip
28%
drop
24%
glory
24%
Going
24%
Quieres
24%
Ryan Scoot
24%
stops
24%
won't
24%
zop
24%
hop
20%
just
20%
mop
20%
Pop
20%
direction
16%
Gimmie
16%
gimmie
16%
inhibitions
16%
rump
16%
Shimmy
16%
smile
16%
strut
16%
Ryan Wipe
16%
Flash
12%
Straight
12%
their
12%
up
12%
Ryan We'll
12%
keep
8%
stepping
8%
Both Stump
8%
stump
8%
yourself
0%
No matching quizzes found
Score Distribution
Percent of People with Each Score
Percentile by Number Answered
Your Score History
You have not taken this quiz